Ethics of ecological field experimentation (Registro nro. 9146)

Detalles MARC
000 -CABECERA
Campo de control 004830000a22001570004500
090 ## - CLASIFICACIÓN LOCAL
Colección AR
Consecutivo 00043
041 0# - IDIOMA
Código de idioma para texto/pista de sonido o título separado
100 1# - ASIENTO PRINCIPAL--NOMBRE PERSONAL
Nombre personal Farnsworth, Elizabeth J.
245 10 - MENCION DE TITULO
Título Ethics of ecological field experimentation
650 14 - ASIENTO SECUNDARIO DE MATERIA - TERMINO TEMATICO
Término temático o nombre geográfico como elemento de entrada Investigación científica
650 14 - ASIENTO SECUNDARIO DE MATERIA - TERMINO TEMATICO
Término temático o nombre geográfico como elemento de entrada Impacto de los estudios ecológicos
650 14 - ASIENTO SECUNDARIO DE MATERIA - TERMINO TEMATICO
Término temático o nombre geográfico como elemento de entrada Etica ambiental
700 1# - ASIENTO SECUNDARIO - NOMBRE PERSONAL
Nombre personal Rosovsky, Judy
773 1# - Item fuente:
Título Conservation Biology
Especificación de materiales 24
Descripción física 3
Paginas del Articulo 463-472
Lugar, editorial y fecha de publicación 1993
Información sobre la relación 7
942 ## - ELEMENTOS ADICIONALES (KOHA)
Tipo de ítem Artículo
Existencias
Withdrawn status Lost status Sistema de Clasificación Damaged status No para préstamo Colección Ubicación Permanente Ubicación actual Fecha de adquisición Total Checkouts Número topográfico Inventario / Código de Barras Date last seen Ejemplar Price effective from Tipo de material
    Dewey Decimal Classification   No para Préstamo Hemeroteca Bogotá Bogotá 27/02/2015   AR 00043 Fuera de circulación 010264 25/03/2015 1 25/03/2015 Artículo